Automatic control Systems (Record no. 298713)

000 -LEADER
fixed length control field 00302 a2200133 4500
001 - CONTROL NUMBER
control field 63640
082 ## - DEWEY DECIMAL CLASSIFICATION NUMBER
Classification number 629.83 KUO
090 ## - LOCALLY ASSIGNED LC-TYPE CALL NUMBER (OCLC); LOCAL CALL NUMBER (RLIN)
-- 37638
-- 37638
100 ## - MAIN ENTRY--PERSONAL NAME
Personal name Kuo B.C
245 ## - TITLE STATEMENT
Title Automatic control Systems
Medium English
250 ## - EDITION STATEMENT
Edition statement 5th Edition
260 ## - PUBLICATION, DISTRIBUTION, ETC.
Place of publication, distribution, etc. NJ
Name of publisher, distributor, etc. Prentice Hall
Date of publication, distribution, etc. 1987
300 ## - PHYSICAL DESCRIPTION
Other physical details 720p
942 ## - ADDED ENTRY ELEMENTS (KOHA)
Institution code [OBSOLETE] NUST-CAE
Call number prefix 629.83 KUO
Holdings
Withdrawn status Lost status Damaged status Not for loan Collection code Permanent Location Current Location Date acquired Total Checkouts Full call number Barcode Date last seen Price effective from Koha item type
          College of Aeronautical Engineering (CAE) College of Aeronautical Engineering (CAE) 04/03/2017   629.83 KUO CAEG-5352 04/05/2017 04/05/2017 Book
© 2023 Central Library, National University of Sciences and Technology. All Rights Reserved.